| 000 | 00584nam a2200169Ia 4500 | ||
|---|---|---|---|
| 003 | IN-BaIIA | ||
| 008 | 211028s9999 xx 000 0 eng d | ||
| 040 | _cIIA Library | ||
| 080 |
_a5 _bBIS-1 |
||
| 100 |
_aGeorge H. Bishop, _911079 |
||
| 245 | 4 |
_aThe excitement and fascination of science _bvol. 1, a collection of autobiographical and philosophical essays _cBishop, G. H., [et al.] |
|
| 260 |
_aCalifornia _bAnnual Reviews _c1965 |
||
| 300 | _ax, 566p. | ||
| 650 | _aAstronomy and astrophysics thesaurus | ||
| 650 |
_aScience _91299 |
||
| 942 | _cBK | ||
| 999 |
_c6455 _d6455 |
||